[Event "Bremen-ch op"]
[Site "Bremen"]
[Date "2016.03.26"]
[Round "9"]
[White "Meyer, Thorsten"]
[Black "Bensmann, Jannis"]
[Result "1-0"]
[WhiteElo "1982"]
[BlackElo "1566"]
[PlyCount "47"]
[EventDate "2016.03.19"]
[EventType "swiss"]
[EventRounds "9"]
[EventCountry "GER"]
[SourceTitle "EXT 2018"]
[Source "ChessBase"]
[SourceDate "2017.10.13"]
[SourceVersion "1"]
[SourceVersionDate "2017.10.13"]
[SourceQuality "1"]

1. e4 d5 2. exd5 Qxd5 3. Nf3 Bg4 4. Be2 Nf6 5. d4 Nc6 6. c3 0-0-0 7. 0-0 Qh5 8. Nbd2 e6 9. Re1 Bd6 10. Nc4 Nd5 11. Nxd6+ Rxd6 12. h3 Bxf3 13. Bxf3 Qg6 14. Qa4 Qf6 15. Bd2 Nb6 16. Qb5 a6 17. Qe2 Ne7 18. Qe4 Ned5 19. b3 Qg6 20. Qe2 Qf6 21. c4 Nf4 22. Bxf4 Qxf4 23. c5 Qxd4 24. cxd6 1-0

[Event "Bremen-ch op"]
[Site "Bremen"]
[Date "2016.03.22"]
[Round "5"]
[White "Zhong, Xianghui"]
[Black "Bensmann, Jannis"]
[Result "1-0"]
[WhiteElo "1765"]
[BlackElo "1566"]
[PlyCount "85"]
[EventDate "2016.03.19"]
[EventType "swiss"]
[EventRounds "9"]
[EventCountry "GER"]
[SourceTitle "EXT 2018"]
[Source "ChessBase"]
[SourceDate "2017.10.13"]
[SourceVersion "1"]
[SourceVersionDate "2017.10.13"]
[SourceQuality "1"]

1. d4 f5 2. c4 e6 3. Nc3 Nf6 4. Nf3 Be7 5. Bf4 0-0 6. e3 d6 7. Bd3 Bd7 8. 0-0 Be8 9. Qc2 Bh5 10. Ng5 Qd7 11. Bg3 Ng4 12. Nf3 Na6 13. a3 Rad8 14. Rad1 c6 15. Be2 d5 16. h3 Nf6 17. Ne5 Qe8 18. Qb3 Bxe2 19. Nxe2 b6 20. Qa4 Nb8 21. Qxa7 Nbd7 22. Qa4 Nxe5 23. Bxe5 Ne4 24. f3 Nd6 25. cxd5 exd5 26. Qb3 Nc4 27. Rd3 Bg5 28. f4 Bh4 29. Qa2 Ra8 30. Ra1 Qh5 31. Nc3 g5 32. Qb1 g4 33. b3 Nxe5 34. dxe5 gxh3 35. gxh3 Kf7 36. Rd2 Rg8+ 37. Rg2 Qf3 38. Qxf5+ Ke7 39. Qxh7+ Ke6 40. Rxg8 Qf2+ 41. Kh1 Rxg8 42. Qxg8+ Kf5 43. Qf7+ 1-0

[Event "Bremen-ch op"]
[Site "Bremen"]
[Date "2016.03.21"]
[Round "4"]
[White "Bensmann, Jannis"]
[Black "Erofeev, Anastasia"]
[Result "0-1"]
[WhiteElo "1566"]
[BlackElo "1947"]
[PlyCount "48"]
[EventDate "2016.03.19"]
[EventType "swiss"]
[EventRounds "9"]
[EventCountry "GER"]
[SourceTitle "EXT 2018"]
[Source "ChessBase"]
[SourceDate "2017.10.13"]
[SourceVersion "1"]
[SourceVersionDate "2017.10.13"]
[SourceQuality "1"]

1. d4 Nf6 2. Nc3 d5 3. Bf4 c6 4. Qd2 Bf5 5. f3 h5 6. Nh3 Bxh3 7. gxh3 e6 8. e4 Bb4 9. e5 Ng8 10. Rg1 g6 11. Bd3 Ne7 12. Bg5 Rg8 13. Bf6 Nd7 14. a3 Ba5 15. Qh6 Nxf6 16. exf6 Nf5 17. Bxf5 exf5 18. Kd2 Qxf6 19. Rae1+ Kd7 20. Re5 Rae8 21. Rge1 Bc7 22. Rxe8 Qxd4+ 23. Kc1 Rxe8 24. Nxd5 Rxe1# 0-1

[Event "Niedersachsen-ch op-C"]
[Site "Verden"]
[Date "2016.01.04"]
[Round "4"]
[White "Bensmann, Jannis"]
[Black "Kuipers, Hartmut"]
[Result "1/2-1/2"]
[WhiteElo "1570"]
[BlackElo "1117"]
[PlyCount "74"]
[EventDate "2016.01.03"]
[EventType "swiss"]
[EventRounds "7"]
[EventCountry "GER"]
[SourceTitle "EXT 2018"]
[Source "ChessBase"]
[SourceDate "2017.10.13"]
[SourceVersion "1"]
[SourceVersionDate "2017.10.13"]
[SourceQuality "1"]

1. d4 d5 2. Nc3 Nf6 3. Bf4 e6 4. Qd2 Bb4 5. f3 0-0 6. e3 Nbd7 7. Nh3 h6 8. Nf2 c5 9. Nd3 Bxc3 10. Qxc3 cxd4 11. exd4 Nb6 12. Bc7 Qd7 13. Ne5 Qe7 14. Bxb6 axb6 15. Qb3 Qd6 16. Bb5 Rd8 17. 0-0 Nd7 18. Nxd7 Bxd7 19. Bxd7 Rxd7 20. c3 Qc6 21. f4 b5 22. f5 Qc4 23. fxe6 fxe6 24. Qxc4 bxc4 25. a3 Rf7 26. Rxf7 Kxf7 27. Kf2 Rf8 28. Ke3 Ke7 29. a4 Kd6 30. a5 Ra8 31. Kf4 Rf8+ 32. Ke3 Ra8 33. Ra4 g5 34. Kd2 e5 35. dxe5+ Kxe5 36. Ke3 Rf8 37. Rb4 Ra8 1/2-1/2

[Event "Niedersachsen-ch op-C"]
[Site "Verden"]
[Date "2016.01.03"]
[Round "1"]
[White "Kiesel, Lara"]
[Black "Bensmann, Jannis"]
[Result "0-1"]
[WhiteElo "1224"]
[BlackElo "1570"]
[PlyCount "36"]
[EventDate "2016.01.03"]
[EventType "swiss"]
[EventRounds "7"]
[EventCountry "GER"]
[SourceTitle "EXT 2018"]
[Source "ChessBase"]
[SourceDate "2017.10.13"]
[SourceVersion "1"]
[SourceVersionDate "2017.10.13"]
[SourceQuality "1"]

1. e4 d5 2. exd5 Qxd5 3. Nf3 Bg4 4. Be2 Nc6 5. d4 0-0-0 6. Be3 Nf6 7. 0-0 Ne4 8. c4 Qa5 9. d5 e6 10. a3 exd5 11. b4 Bxb4 12. Qc2 Nc3 13. Nxc3 Bxc3 14. Ra2 dxc4 15. Rc1 Bf6 16. h3 Bf5 17. Bd2 Bxc2 18. Bxa5 Bb3 0-1

[Event "Bremen-ch op"]
[Site "Bremen"]
[Date "2015.04.04"]
[Round "9"]
[White "Schwenke, Stefan"]
[Black "Bensmann, Jannis"]
[Result "1-0"]
[WhiteElo "1742"]
[BlackElo "841"]
[PlyCount "59"]
[EventDate "2015.03.28"]
[EventType "swiss"]
[EventRounds "9"]
[EventCountry "GER"]
[SourceTitle "EXT 2018"]
[Source "ChessBase"]
[SourceDate "2017.10.13"]
[SourceVersion "1"]
[SourceVersionDate "2017.10.13"]
[SourceQuality "1"]

1. e4 c5 2. Nf3 Nc6 3. d4 cxd4 4. Nxd4 Qb6 5. c3 Nxd4 6. Qxd4 Qxd4 7. cxd4 Nf6 8. Nc3 d6 9. Bg5 Nd7 10. Nd5 Kd8 11. Rc1 f6 12. Nc7 Rb8 13. Be3 e5 14. dxe5 dxe5 15. Bxa7 Bd6 16. Bxb8 Nxb8 17. Nd5 Be6 18. Bc4 Nc6 19. 0-0 Nd4 20. Ne3 b5 21. Bxe6 Ne2+ 22. Kh1 Nxc1 23. Rxc1 Ke7 24. Bh3 Ra8 25. Nf5+ Kf8 26. Nxd6 Rxa2 27. Rb1 b4 28. Nc4 Ke7 29. Kg1 g5 30. Kf1 1-0

[Event "Bremen-ch op"]
[Site "Bremen"]
[Date "2015.03.30"]
[Round "4"]
[White "Zhong, Xianghui"]
[Black "Bensmann, Jannis"]
[Result "1/2-1/2"]
[WhiteElo "1817"]
[BlackElo "841"]
[PlyCount "71"]
[EventDate "2015.03.28"]
[EventType "swiss"]
[EventRounds "9"]
[EventCountry "GER"]
[SourceTitle "EXT 2018"]
[Source "ChessBase"]
[SourceDate "2017.10.13"]
[SourceVersion "1"]
[SourceVersionDate "2017.10.13"]
[SourceQuality "1"]

1. d4 d5 2. c4 c6 3. e3 Bf5 4. Nc3 Nf6 5. Nf3 h6 6. Bd2 e6 7. Be2 Bd6 8. 0-0 0-0 9. a3 Nbd7 10. b4 Re8 11. Nh4 Bh7 12. f4 Ne4 13. Nf3 a6 14. c5 Bc7 15. Ne5 Bxe5 16. fxe5 f5 17. Bh5 Rf8 18. Ne2 g5 19. Be1 Kg7 20. Rf3 Bg6 21. Bxg6 Kxg6 22. Rh3 Kg7 23. Ng3 Nxg3 24. Rxg3 f4 25. exf4 Rxf4 26. Bc3 Nf8 27. Qh5 Qe8 28. Qe2 Ng6 29. Rf1 Qf8 30. Rgf3 Qf5 31. g3 Rxf3 32. Rxf3 Qb1+ 33. Kg2 Rf8 34. Rxf8 Kxf8 35. Qf2+ Ke8 36. Qf3 1/2-1/2

[Event "Bremen-ch op"]
[Site "Bremen"]
[Date "2015.03.28"]
[Round "1"]
[White "Dehning Busse, Karsten"]
[Black "Bensmann, Jannis"]
[Result "1-0"]
[WhiteElo "1796"]
[BlackElo "841"]
[PlyCount "69"]
[EventDate "2015.03.28"]
[EventType "swiss"]
[EventRounds "9"]
[EventCountry "GER"]
[SourceTitle "EXT 2018"]
[Source "ChessBase"]
[SourceDate "2017.10.13"]
[SourceVersion "1"]
[SourceVersionDate "2017.10.13"]
[SourceQuality "1"]

1. d4 d5 2. Nc3 Bf5 3. Bg5 f6 4. Bf4 Nc6 5. e3 e6 6. a3 Bd6 7. Bg3 Nge7 8. Bd3 Qd7 9. Bxd6 Qxd6 10. Nf3 g5 11. Bxf5 Nxf5 12. h3 0-0-0 13. Qd3 h5 14. 0-0-0 g4 15. Nd2 Nh4 16. g3 Nf3 17. Nxf3 gxf3 18. h4 Ne7 19. e4 Qb6 20. Qxf3 dxe4 21. Qxe4 Nf5 22. Na4 Qd6 23. Nc5 Qd5 24. Qxe6+ Qxe6 25. Nxe6 Rd6 26. d5 Ne7 27. Nf4 Kd7 28. Rhe1 c6 29. dxc6+ Nxc6 30. Rxd6+ Kxd6 31. Re6+ Kc7 32. Rxf6 Re8 33. Nd5+ Kd7 34. Ne3 Nd4 35. c3 1-0